| 000 | 00726nam a22002177a 4500 | ||
|---|---|---|---|
| 999 |
_c841 _d841 |
||
| 003 | AR-CdUCM | ||
| 008 | 190225b ||||| |||| 00| 0 spa d | ||
| 040 |
_aMUNICIPALIDAD PROVINCIAL DEL CUSCO _cBIBLIOTECA MUNICIPAL DEL CUSCO |
||
| 082 |
_22ed. _a869.44 / _bB41 |
||
| 100 |
_aBeltrán S., Luis Ramiro _93191 |
||
| 245 | _aEl cofre de selenio / | ||
| 260 |
_aLa paz : _bProducciones CIMA, _c1990. |
||
| 300 |
_a137 páginas ; _c21 cm. |
||
| 500 | _aPrimer premio nacional de teatro Ecuador 1988. | ||
| 650 |
_aTeatro _9173 |
||
| 650 |
_aLiteratura hispanoamericana _9786 |
||
| 700 |
_aAlcaldia municipal la Paz-Bolivia _93192 |
||
| 700 |
_aOrías Luna, Guido (director editorial) _93193 |
||
| 942 |
_2ddc _cLIBROS |
||
| 945 | _azta | ||